| 000 | 00349nam a22001337a 4500 | ||
|---|---|---|---|
| 020 | _qPB. | ||
| 040 | _cFIZZA ISHAQ | ||
| 082 |
_a388.312 _bROG |
||
| 100 |
_aPRASSAY, ELENA ROER P. ROGER. _986478 |
||
| 245 |
_aTRAFFIC ENGINEERING / _cROGER P. ROER ELENA PRASSAY. |
||
| 260 |
_aNEW DEHLI : _bPEARSON, _c2009. |
||
| 300 | _a744 P. ; | ||
| 942 |
_2ddc _cBK |
||
| 999 |
_c587339 _d587339 |
||